The new typography: a handbook for modern designers
Na minha lista:
| Autor principal: | |
|---|---|
| Formato: | Livro |
| Idioma: | inglês |
| Publicado em: |
Berkeley
University of California Press
2006
|
| Edição: | 2a. ed |
| coleção: | Weimar and Now: German Cultural Criticism, 8
|
| Assuntos: | |
| Tags: |
Adicionar Tag
Sem tags, seja o primeiro a adicionar uma tag!
|
MARC
| LEADER | 00000cam a2200000 a 4500 | ||
|---|---|---|---|
| 001 | UCE6455 | ||
| 003 | CL-VaPUC | ||
| 008 | 150416e20060000us |||||||||||||||||eng|d | ||
| 020 | |a 9780520250123 | ||
| 082 | 0 | 4 | |a 686.22 |b TSC |2 21 |
| 100 | 0 | |a Tschichold, Jan |e author |9 579119 | |
| 245 | 1 | 4 | |a The new typography: a handbook for modern designers |
| 250 | |a 2a. ed | ||
| 300 | |a 236 p | ||
| 942 | |c BK | ||
| 945 | |d 20150416 10:41:00 |a cmena | ||
| 260 | |a Berkeley |b University of California Press |c 2006 | ||
| 650 | 0 | |a Diseño gráfico |9 266874 | |
| 650 | 0 | |a Artes gráficas |9 265865 | |
| 650 | 0 | |a Tipografía |9 266998 | |
| 650 | 7 | |a IMPRESION |2 CL-VaPUC |9 266944 | |
| 650 | 0 | |a Alfabetos |9 265604 | |
| 583 | |a last modification |c 20150416 10:41:00 |k Rodrigo Vera | ||
| 490 | 0 | |a Weimar and Now: German Cultural Criticism, 8 | |
| 999 | |c 358782 |d 358780 | ||
| 952 | |0 0 |1 0 |3 erb |4 0 |6 686_220000000000000_TSC_2006 |7 0 |8 A |9 467674 |a BIBARQ |b BIBARQ |i 5145996 |l 1 |o 686.22 TSC 2006 |p 5145996 |r 2025-01-20 |s 2023-08-21 |w 2019-11-23 |y BK |z Catalogado en:20150416 |k ARQ | ||